• 首页
  • 本馆介绍
  • 公告通知
  • 最新文献
  • 馆藏检索
  • 电子资源
  • 读者导购
  • 参考咨询
  • 我的图书馆
  • 登录
  • 详细信息显示
  • 放入我的书架
  • 预约/预借图书
  • 作者相关作品
  • 分类相关作品
  • 丛书相关作品
  • 出版社相关作品

书目信息

  • 表格格式
  • 工作单格式
  • 卡片格式
题名:
SQL Server 2008数据库管理与开发
    
 
作者: 杨云 主编
分册:  
出版信息: 北京   清华大学出版社  2016.07
页数: 10, 383页
开本: 26cm
丛书名:
单 册:
中图分类: TP311.138 , TP311.138SQ-43
科图分类:
主题词: 关系数据库--guan xi shu ju ku--数据库管理系统--SQL Server 2008--高等学校--教材
电子资源:
ISBN: 978-7-302-43473-3
000 01196nam0 2200289 450
001 0109110225
005 20201109110339.0
010    @a978-7-302-43473-3@dCNY59.80
100    @a20161101e20202016em y0chiy50 ea
101 0  @achi
102    @aCN@b110000
105    @ay az 000yy
106    @ar
200 1  @aSQL Server 2008数据库管理与开发@ASQL Server 2008 shu ju ku guan li yu kai fa@e项目式@f杨云主编
210    @a北京@c清华大学出版社@d2016.07@h2020.01
215    @a10, 383页@d26cm
300    @a高等院校计算机任务驱动教改教材
307    @a实际页数为:384
320    @a有书目(第384页)
330    @a本书以SQLServer2008R2为平台,介绍数据库应用开发技术,内容涵盖开发数据库应用系统所需的技术和知识,是一本理实一体的项目化教材。全书由浅入深、循序渐进地讲述了数据库基础知识、数据库及表的创建与管理、数据完整性操作、数据库查询、视图操作、存储过程与触发器应用、TSQL、数据库安全性管理等内容。
606 0  @a关系数据库@Aguan xi shu ju ku@x数据库管理系统@xSQL Server 2008@x高等学校@j教材
610 0  @aSQL Server@ASQL Server
690    @aTP311.138@v5
690    @aTP311.138SQ-43@v5
701  0 @a杨云@Ayang yun@4主编
801  0 @aCN@bBJSZM@c20201103
905    @b1241091-4@dTP311.138@e1592@f4
    
    SQL Server 2008数据库管理与开发:项目式/杨云主编.-北京:清华大学出版社,2016.07(2020.01)
    10, 383页;26cm
    高等院校计算机任务驱动教改教材
    
    ISBN 978-7-302-43473-3:CNY59.80
    本书以SQLServer2008R2为平台,介绍数据库应用开发技术,内容涵盖开发数据库应用系统所需的技术和知识,是一本理实一体的项目化教材。全书由浅入深、循序渐进地讲述了数据库基础知识、数据库及表的创建与管理、数据完整性操作、数据库查询、视图操作、存储过程与触发器应用、TSQL、数据库安全性管理等内容。
●
相关链接 在E读中查询图书 在五车中查询图书 在当当中查询图书 在豆瓣中查询图书


正题名:SQL Server 2008数据库管理与开发     索取号:TP311.138/1592         预约/预借

序号 登录号 条形码 馆藏地/架位号 状态 备注
1 1241091   212410915   第二样本阅览室/ [索取号:TP311.138/1592] 在馆    
2 1241092   212410924   第三借阅区/ [索取号:TP311.138/1592] 在馆    
3 1241093   212410933   第三借阅区/ [索取号:TP311.138/1592] 在馆    
4 1241094   212410942   第三借阅区/ [索取号:TP311.138/1592] 在馆    
唐山师范学院图书馆 欢迎您!
大连网信软件有限公司© 版权所有